000 00252nam a2200097Ia 4500
001 653841
005 20250826154506.0
008 250824s9999 xx 000 0 und d
245 0 _aKUUZU VE LUNAPARK AİLESİ
_cİREM UŞAR
260 _bGÜNIŞIĞI YAYINLARI
999 _c653841
_d653841